| 000 | 01159nam a2200337 a 4500 | ||
|---|---|---|---|
| 001 | 19171 | ||
| 003 | BD-RjUL | ||
| 005 | 20211209000408.0 | ||
| 008 | 140223s1956 nyu 001 0 eng | ||
| 035 | _a(BD-RjUL)19229 | ||
| 035 | _a(OCoLC)384900 | ||
| 040 |
_aDLC _cDLC _dm/c _dEQO _dBD-RjUL _beng |
||
| 041 | _aeng | ||
| 082 |
_a190.82 _bBEA 1956 |
||
| 099 | _a*ML A.3ZF - 1-F - F6 | ||
| 100 | 1 |
_aBerlin, Isaiah, _d1909-1997. _958980 |
|
| 245 | 1 | 4 |
_aThe age of Enlightenment : _bthe 18th century philosophers / _cselected with introduction and interpretive commentary by Isaiah Berlin. |
| 246 | 3 | 0 |
_aAge of Enlightenment : _bthe eighteenth-century philosophers |
| 246 | 1 | 4 | _a18th century philosophers the age of Enlightenment |
| 246 | 3 | 4 | _aeighteenth-century philosophers the age of Enlightenment |
| 260 |
_aNew York : _bNew American Library, _c1956. |
||
| 300 |
_a282 p. ; _c18 cm. |
||
| 490 | 1 | _aMentor philosophers | |
| 504 | _aIncludes index. | ||
| 650 | 0 |
_aEnlightenment. _958981 |
|
| 650 | 0 |
_aPhilosophy, Modern _y18th century. _92765 |
|
| 830 | 0 |
_aMentor philosophers. _958990 |
|
| 942 |
_2ddc _cBK |
||
| 999 |
_c19171 _d19171 |
||